000 00429nam a22001097a 4500
999 _c507816
_d507816
082 _aBA27x5411 As72t/1982-83
100 _aAssam. Department for Welfare of Plains Tribes and Backward Classes
_92570
245 _aRevised Annual Plan Tribal Sub-Plan 1982-83
_cby Department for Welfare of Plains Tribes and Backward Classes
260 _aDispur
_bGovernment of Assam
_c1983
300 _av.p.
650 _aPlan, Annual - Tribal
_92571